|
|
|
|
| LEADER |
00000cam a2200000 7i4500 |
| 001 |
0000004322 |
| 005 |
20121102.0 |
| 008 |
070725 |
| 020 |
|
|
|a 1860191444
|
| 090 |
0 |
0 |
|a 745.592
|b DEA
|
| 100 |
1 |
|
|a Dean, Audrey Vincente
|
| 245 |
1 |
0 |
|a Dolls :
|b 30 fabulous gifts for family and friends
|c Audrey Vincente Dean
|
| 260 |
|
|
|a London :
|b Brockhampton Press ,
|c 1992
|
| 440 |
|
|
|a Easy to make
|
| 650 |
|
0 |
|a Craft
|
| 650 |
|
0 |
|a Junior fiction
|x English
|x Languages
|
| 710 |
0 |
|
|a Title
|
| 999 |
|
|
|a 0000567691
|b Book
|c Adult Collection
|e Cawangan Muar
|
| 999 |
|
|
|a 0000567696
|b Book
|c Adult Collection
|e Cawangan Pontian
|
| 999 |
|
|
|a 0000569752
|b Book
|c Adult Collection
|e Cawangan Pontian
|
| 999 |
|
|
|a 0000569764
|b Book
|c Adult Collection
|e Cawangan Pontian
|
| 999 |
|
|
|a 0000569771
|b Book
|c Adult Collection
|e Cawangan Tangkak
|
| 999 |
|
|
|a 0000771115
|b Book
|c Adult Collection
|e Cawangan Bandar Penawar
|
| 999 |
|
|
|a 0000819588
|b Book
|c Adult Collection
|e Cawangan Segamat
|
| 999 |
|
|
|a 0000819589
|b Book
|c Adult Collection
|e Cawangan Segamat
|
| 999 |
|
|
|a 0000973245
|b Book
|c Adult Collection
|e Cawangan Tmn. Ungku Tun Aminah
|
| 999 |
|
|
|a 0000973246
|b Book
|c Adult Collection
|e Perbadanan Perpustakaan Awam Johor
|
| 999 |
|
|
|a 0000973247
|b Book
|c Adult Collection
|e Cawangan Urban Transformation Centre
|